| 000 | 00608nam a2200181Ia 4500 | ||
|---|---|---|---|
| 008 | 100917s9999 xx 000 0 und d | ||
| 082 | _b26503 | ||
| 100 | _aमाडखोलकर गजानन त्र्यंबक | ||
| 245 | _aअकेला (आवृत्ती 1 ली ) | ||
| 260 |
_bविजय प्रकाशन _c1975 |
||
| 300 | _a252 | ||
| 365 | _b20 | ||
| 520 | _aकादंबरी | ||
| 630 | _aअकेला (आवृत्ती 1 ली ) | ||
| 650 | _aकादंबरी | ||
| 730 | _aअकेला (आवृत्ती 1 ली ) | ||
| 942 | _cBOOK | ||
| 999 |
_c631897 _d631894 |
||